UITU Library & LRC     

Calculus (Record no. 2806)

MARC details
000 -LEADER
fixed length control field 00455nam a2200181Ia 4500
008 - FIXED-LENGTH DATA ELEMENTS--GENERAL INFORMATION
fixed length control field 240925s9999 xx 000 0 und d
020 ## - INTERNATIONAL STANDARD BOOK NUMBER
International Standard Book Number 534924921
082 ## - DEWEY DECIMAL CLASSIFICATION NUMBER
Classification number 515 SWO
100 ## - MAIN ENTRY--PERSONAL NAME
Personal name Swokowski, Earl W.
245 #0 - TITLE STATEMENT
Title Calculus
250 ## - EDITION STATEMENT
Edition statement 5th
260 ## - PUBLICATION, DISTRIBUTION, ETC.
Place of publication, distribution, etc. Boston:
Name of publisher, distributor, etc. PWS Kent publishing Co
Date of publication, distribution, etc. ,1991.
300 ## - PHYSICAL DESCRIPTION
Extent xix,479p.
Other physical details NA
Type of unit Original
500 ## - GENERAL NOTE
General note Includes Index
600 ## - SUBJECT ADDED ENTRY--PERSONAL NAME
Personal name Humanities & Natural Science
650 ## - SUBJECT ADDED ENTRY--TOPICAL TERM
Topical term or geographic name entry element Mathematics
942 ## - ADDED ENTRY ELEMENTS (KOHA)
Koha item type Books
Holdings
Withdrawn status Lost status Damaged status Not for loan Collection Home library Current library Date acquired Source of acquisition Cost, normal purchase price Total checkouts Full call number Barcode Date last seen Price effective from Koha item type
        Humanities & Basic Sciences UITU Library UITU Library 05/21/1995 Royal Book Company 2592.74   515 SWO Q0307 09/25/2024 09/25/2024 Books

Powered by Koha